000 00566nam a2200181Ia 4500
008 090630s9999 xx 000 0 und d
082 _b26616
100 _aकेळकर अरुण.
245 _aबॅलन्स शीट.
_cकेळकर अरुण.
260 _bऔदुंबर - मुंबई.
_c2002
300 _a79
600 _aकेळकर अरुण.
630 _aबॅलन्स शीट.
655 _aइतर.
700 _aकेळकर अरुण.
730 _aबॅलन्स शीट.
942 _cBOOK
999 _c278472
_d278472